000 00660nab a2200181 4500
001 244442
003 OSt
005 20231011093058.0
007 tu
008 200917s2020|||||||
040 _aDE-2950
_cDE-2950
245 0 0 _aViel Theater und Festivals im Herbst
_bProgramm. Zwischen Kleist-Festtagen und Transvocale ist einiges Los im Kleist-Forum in Frankfurt. Die Zuschauer können sich unter anderem auf bekannte und beliebte Schauspieler freuen/
_cLisa Mahlke
264 _c2023
653 _aFrankfurt (Oder)
653 _aKulturangebot
773 0 _g34. Jahrgang (2023) Nr. 236 vom 10.10.2023, S. 15, mit Foto
_tMärkische Oderzeitung
942 _2z
_cA
999 _c372764
_d372764